| 000 | 00409nam a2200157Ia 4500 | ||
|---|---|---|---|
| 008 | 230718s9999 xx 000 0 und d | ||
| 041 | _aeng | ||
| 082 |
_a796.522 _bGIR |
||
| 100 | _aGiripremi | ||
| 245 | _aGiripremi's Pune Everest 2012, Vol. 1 | ||
| 260 |
_c2012 _bVision Sagarmatha |
||
| 300 | _a211 | ||
| 365 |
_cRs. _b100.00 |
||
| 700 | _aGiripremi | ||
| 906 |
_dO:0275801-Mar-2012B:01-Mar-2012 _cGENRL |
||
| 999 |
_c330258 _d330258 |
||